000 00348nam a2200133Ia 4500
005 20260328101527.0
008 260328s9999||||xx |||||||||||||| ||und||
100 _aCobbers, Arnt
245 0 _aErich Mendelsohn :
_b El visionario analĂ­tico (1887-1953) /
_cArnt Cobbers
260 _bTaschen
300 _a96 p.
650 _aARQUITECTOS
942 _cBK
999 _c9823
_d9823